000 00592nam a2200193Ia 4500
003 GCL
008 140319s9999 xx 000 0 ara d
020 _a1105810977
040 _aGCL /
_cGCL
082 0 4 _a371.331
_bا ا
100 1 _aاحمد اسماعيل حجى
245 1 0 _aالادارة التعليمية و الادارة المدرسية /
_cاحمد اسماعيل حجى
260 _aالقاهرة :
_bدار الفكر العربى ،
_c1995
300 _a516 ص ؛
_c24 سم
490 _a
650 0 4 _aالتعليم
650 0 4 _aالادارة
942 _2ddc
_cBK
999 _c41285
_d41285